00421nam a2200121Ia 4500008004100000082001800041245004400059300003400103650003600137942000700173999001900180952010000199230907s9999||||xx |||||||||||||| ||und|| a621.3822bHAN 0aHandbook of signal processing systems / a2 volumes (xxi, 1399 pages) : aHandbooks, manuals, etc.911475 cBK c599905d599905 00104070aCAS-EbCAS-Ed2019-10-25l0o621.3822 HANpCAS-E0004004r2023-09-12w2023-09-12yBK